01086nam a2200289Ia 450000500170000000800410001702000190005810000290007724501080010625000390021430000610025349000540031453400240036865000430039265000480043565000350048370000280051870000370054694200150058326400490059833600270064733700330067433800280070704000350073508400110077099900150078120220317000953.0160825s2007 mx a g 000 0 spa  a978968164870121 aTraven, Brunod1882-196910aPuente en la selvacBruno Traven ; ilustraciones Manuel Ahumada ; traducción Esperanza López Mateos a2a. edición b5a. reimpresión  a258 páginas bilustraciones en blanco y negro c19 cm  aA la orilla del vientoppara los grandes lectores tBrige on the jungle142LEMBaNovela estadounidense ySiglo XX142LEMB aLiteratura estadounidense ySiglo XX142LEMB aSelva en la literatura 1 aAhumada, Manuel 9638541 aLópez Mateos, Esperanza963855 2loccBKLIT aMéxicobFondo de Cultura Económicac2007 atextobtxt2rdacontent asin mediaciónbn2rdamedia avolumenbnc2rdacarrier aCO-BoRNBPbspaerdacCO-BoRNBP aN TRA1 c5555d5555